Pediatria

Bibliographic Details
Main Authors: Šagát, Tibor, 1942- (Author), Šašinka, Miroslav, 1935-2019 (Author), Kovács, László, 1950-2017 (Author), Bánovčin, Peter, 1954- (Author), Kuchta, Milan, 1956- (Author)
Format: Book
Language:Slovak
PhysicalDescription:A-32, 836 strán fotografie (niektoré farebné), ilustrácie, schémy, tabuľky 27 cm
Published: Bratislava Herba 2019
ISBN:9788089631902
Edition:Tretie, doplnené a prepracované vydanie
Series:Dieškova edícia
Subjects:

MARC

LEADER 00000cam a2200000 4500
001 vtls011892868
003 SK-MaSNL
005 20260301224857.0
008 210906s2019 xo oal f p 000 0 slo
015 |a SNBA2019/11 
020 |a 9788089631902  |q (viazané) 
035 |a urn:nbn:sk:snk-am00fj4w 
035 |a urn:nbn:sk:snk-am3iui0 
035 |a D1AFE6B1-1611-4322-A31F-06125D0AF1A7 
040 |a SNK  |b slo  |c SNK  |e rda 
041 0 |a slo 
044 |a xo  |c SK 
072 7 |a 616-053.2  |x Pediatria  |2 konspekt 
072 7 |a 616  |x Patológia. Klinická medicína  |2 konspekt 
080 |a 616-053.2  |2 2011 
080 |a 616.1/.9-053.2  |2 2001 
080 |a 616-07  |2 2011 
080 |a (075.8)  |2 2011 
100 1 |a Šagát, Tibor,  |d 1942-  |4 aut  |9 196955 
245 1 0 |a Pediatria  |c Tibor Šagát, Miroslav Šašinka, László Kovács, Peter Bánovčin, Milan Kuchta a kolektív 
246 1 4 |a Pediatria 1. 
250 |a Tretie, doplnené a prepracované vydanie 
264 1 |a Bratislava  |b Herba  |c 2019 
300 |a A-32, 836 strán  |b fotografie (niektoré farebné), ilustrácie, schémy, tabuľky  |c 27 cm 
336 |a text  |b txt  |2 rdacontent 
337 |a bez média  |b n  |2 rdamedia 
338 |a zväzok  |b nc  |2 rdacarrier 
490 1 |a Dieškova edícia  |v zväzok 7 (1. diel) 
504 |a Obsahuje bibliografické odkazy 
650 0 7 |a pediatria  |2 SNKPH  |9 912 
650 0 7 |a Pediatrics  |2 SNKPHeng  |9 266145 
655 7 |a učebnice vysokých škôl  |2 SNKPH  |9 70191 
655 7 |a Textbooks (higher)  |2 SNKPHeng  |9 276436 
700 1 |a Šašinka, Miroslav,  |d 1935-2019  |4 aut  |9 196959 
700 1 |a Kovács, László,  |d 1950-2017  |4 aut  |9 202749 
700 1 |a Bánovčin, Peter,  |d 1954-  |4 aut  |9 185685 
700 1 |a Kuchta, Milan,  |d 1956-  |4 aut  |9 188678 
830 0 |a Dieškova edícia  |9 326498 
919 |a 978-80-89631-90-2 
999 |c 948874  |d 950804 
952 |a SNK  |b SNK  |y PREZ  |7 0  |p 17A1393101  |o snkSB 94843/1  |i snk2019/29774  |8 0  |0 0  |1 0  |4 0  |d 2019-11-18  |f 1  |l 0  |r 2025-05-15 00:00:00  |w 2026-02-24 
952 |a SNK  |b SNKPULT  |y VYP  |7 0  |p 17A1393102  |o snkSB 94843/1 D1  |i snk2019/29775  |8 0  |3 Poškodená väzba - dať do väzby  |0 0  |1 0  |4 0  |d 2019-11-18  |l 1  |m 2  |q 2026-05-21  |r 2026-02-28 18:50:44  |s 2026-02-28  |w 2026-02-24